山手線の内側にある駅 - Statistics

General Stats
  • This quiz has been taken 236 times
  • The average score is 64 of 89
Answer Stats
駅名 % Correct
御茶ノ水
94%
大手町
91%
飯田橋
90%
四ツ谷
89%
水道橋
88%
赤坂
87%
信濃町
87%
早稲田(メトロ)
87%
早稲田(都電)
87%
九段下
86%
新宿三丁目
86%
六本木
85%
市ケ谷
84%
青山一丁目
83%
国会議事堂前
83%
表参道
81%
赤坂見附
80%
白金高輪
80%
虎ノ門
80%
三田
80%
新御茶ノ水
79%
永田町
79%
後楽園
78%
桜田門
78%
白金台
78%
神保町
78%
千駄ケ谷
78%
虎ノ門ヒルズ
78%
神楽坂
77%
春日
77%
日比谷
77%
竹橋
76%
溜池山王
76%
明治神宮前
76%
六本木一丁目
76%
外苑前
75%
霞ケ関
75%
大門
75%
半蔵門
75%
東池袋
75%
麻布十番
74%
北参道
74%
泉岳寺
74%
二重橋前
74%
西早稲田
74%
東新宿
73%
広尾
73%
四谷三丁目
73%
御成門
72%
千駄木
72%
東大前
72%
淡路町
71%
雑司が谷
71%
根津
71%
茗荷谷
71%
新大塚
70%
新宿御苑前
70%
乃木坂
70%
本郷三丁目
70%
湯島
70%
赤羽橋
69%
牛込神楽坂
69%
護国寺
69%
芝公園
69%
曙橋
68%
江戸川橋
68%
神谷町
68%
麴町
68%
上野広小路
67%
牛込柳町
66%
小川町
66%
白山
66%
国立競技場
65%
内幸町
64%
高輪台
64%
上野御徒町
63%
本駒込
62%
千石
59%
末広町
55%
若松河田
54%
京成上野
51%
都電雑司ヶ谷
47%
東池袋四丁目
47%
西武新宿
46%
面影橋
44%
鬼子母神前
44%
学習院下
42%
向原
33%
モノレール浜松町
20%
No matching quizzes found
Score Distribution
Percent of People with Each Score
Percentile by Number Answered
Your Score History
You have not taken this quiz